01258nam a2200289 i 450000100060000000300090000600500170001500700030003200800410003502000180007608000240009408000240011810000380014224501050018025000120028526001240029730000280042150000210044950400320047050501610050265000370066365000580070065100430075885200250080199900170082695201250084367447ES-MaACL20231213202338.0t|040526s2003 sp ||||0| spa d a84-362-4372-2 a323.172(460.22)"19" a94(460.22)"1931/39"1 aDíez Torre, Alejandro R.94477610aOrígenes del cambio regional y turno del pueblo, Aragón, 1900-1938 /cAlejandro R. Díez Torre. a1ª ed. aMadrid : bUniversidad Nacional de Educación a Distancia ; aZaragoza : bPrensas Universitarias de Zaragoza, c2003. a2 v. : bil. ; c30 cm. aÍndices: v. 2. aBibliografía: p. 519-566.8 aContiene: 1. Confederados, orígenes del cambio regional de Aragón, 1900-1936 (454 p.) - 2. Solidarios, un turno del pueblo, Aragón, 1936-1938 (594 p.) 4aRegionalismo-zAragón.9174577 aDescentralización administrativa-zAragón.911821 4aAragón-xHistoria-y1931-1939.977894 aES-MaACLjL-27657-58 c67447d67447 00104070aATENEOMbATENEOMcDEPO2d2008-01-17eSCl0oL-27657-58p1070628r2023-02-23 00:00:00w2023-02-23yMONOGRAFIA